| 000 | 00483nam a2200193Ia 4500 | ||
|---|---|---|---|
| 005 | 20240823060242.0 | ||
| 008 | 240823s9999||||xx |||||||||||||| ||und|| | ||
| 041 | _aENGLISH | ||
| 082 | _A658.562 Q5 | ||
| 100 | _aNaagarazan R S | ||
| 245 | 0 | _aTotal Quality Management | |
| 250 | _a3rd | ||
| 260 |
_c2015 _bNew Age International Publi |
||
| 500 | _aYES | ||
| 650 |
_aTotal Quality Management _bManagement Studies |
||
| 700 | _aArivalagar A A | ||
| 942 | _cBK | ||
| 999 |
_c230691 _d230691 |
||